| 000 | 00362cam a2200145ua 4500 | ||
|---|---|---|---|
| 041 |
_aeng _h |
||
| 082 |
_a823.308 _bLYT/LA |
||
| 100 | _aLytton, Lord . | ||
| 245 |
_aLaast days of pompell / _cLord Lytton. _hTextual Documents |
||
| 260 |
_aNewyork : _bJ M Dent and Sons Ltd , _c1962. |
||
| 300 | _a426 ; . | ||
| 504 | _a | ||
| 942 | _cBK | ||
| 999 |
_c11533 _d11533 |
||